MDQL
is popping MORE tags! Check the
thread
!
Quizzes
Events
Quiz Creation
Community
Videos
Private Events
Remove Ads
Sign In
Join for FREE
Feedback
Dark Mode
Quiz Categories
Sports
Geography
Music
Movies
Television
Just For Fun
Miscellaneous
History
Literature
Language
Science
Gaming
Entertainment
Religion
Holiday
For Kids
Quiz Lab
Recent
Popular Today
Quiz Kudos Today
Editor Picks
Curator Picks
Quizzes by...
Day
Popularity
Type
Ratings
Length
Year
Community
Subscriptions
Recent Discussions
Orange Saloon
Badges
Playlists
Quests
Create
Leaderboards
Showdown
Live 5
Trivia Bingo
Activity
Puzzle Library
Sporcle Events
Private Events
Virtual Trivia
Globe League
Become a Host
Pub Owners
SporcleCon
Opinionation
Our Games
Videos
Blog
Mobile Apps
Partnerships
Remove Ads and Go Orange
Feedback
Music
Pop Music
The Beatles
Song
Album
Lyrics
Bands
Singers
Artist
Clip
Rock
Rap
Classical
Billboard
Country Music
Kpop
Taylor Swift
Music
Pop Music
The Beatles
Song
Album
Lyrics
Bands
Singers
Artist
Clip
Rock
Rap
Classical
Billboard
Country Music
Kpop
Taylor Swift
Random Quiz
Search Sporcle
×
Quiz Lab
Quiz Lab
Music
Lyrics
Type in answers that appear in a list
Type in answers that appear in a list
Classic
Best Score? Go Orange.
Figure out the Lyrics - Rocky Horror Picture Show Stats
Can you figure out the Lyrics of this Rocky Horror Picture Show song?
By
Bethmora
15m
259 Questions
1,718 Plays
1,718 Plays
1,718 Plays
Comments
Comments
Give Quiz Kudos
Give Quiz Kudos
-
- Ratings
hide this ad
Replay
Link that replays current quiz
Next Quiz
Link to next quiz in quiz playlist
You Got
0%
They Got
Avg Score
69%
Avg Friend Score
Upgrade to see
Score Distribution
Jump to the score distribution portion of the page
Score
0/259
Timer
15:00
0
Plays Today
% Correct
I
89.6%
I
89.6%
I
89.6%
I
89.6%
I
89.6%
I
89.6%
I
89.6%
I
89.6%
I
89.6%
I
89.6%
the
88.9%
the
88.9%
the
88.9%
The
88.9%
The
88.9%
The
88.9%
the
88.9%
the
88.9%
You
86.5%
you
86.5%
you
86.5%
you
86.5%
you
86.5%
you
86.5%
you
86.5%
you
86.5%
you
86.5%
you
86.5%
you
86.5%
you
86.5%
you
86.5%
you
86.5%
it.
84.8%
it
84.8%
it
84.8%
it
84.8%
it
84.8%
it
84.8%
it
84.8%
it
84.8%
it
84.8%
it
84.8%
it
84.8%
it
84.8%
it
84.8%
a
84.4%
a
84.4%
A-
84.4%
to
84%
to
84%
to
84%
to
84%
to
84%
to
84%
T
84%
to
84%
to
84%
to
84%
love
80.3%
love
80.3%
love
80.3%
love
80.3%
love
80.3%
love
80.3%
love
80.3%
love
80.3%
me
79.8%
me
79.8%
and
79.2%
and
79.2%
and
79.2%
and
79.2%
and
79.2%
and
79.2%
And
79.2%
and
79.2%
and
79.2%
Janet
78.2%
Janet
78.2%
Janet
78.2%
Janet
78.2%
Janet
78.2%
Janet
78.2%
Janet
78.2%
Janet
78.2%
Janet
78.2%
Janet
78.2%
% Correct
Janet
78.2%
Janet
78.2%
Janet
78.2%
Janet
78.2%
Janet
78.2%
Janet
78.2%
do
76.5%
J-
75.5%
N-
74.7%
in
74.6%
in
74.6%
so
74.3%
So
74.3%
so
74.3%
so
74.3%
we
73.6%
go
72.9%
Dammit
72.6%
Dammit
72.6%
dammit
72.6%
Dammit
72.6%
Dammit
72.6%
Dammit
72.6%
I'm
72%
I'm
72%
I'm
72%
I'm
72%
I'm
72%
E-
71.6%
Oh
71.3%
oh
71.3%
Oh
71.3%
Oh
71.3%
Oh
71.3%
Oh
71.3%
Oh
71.3%
Oh
71.3%
Oh
71.3%
Oh
71.3%
Oh
71.3%
Brad
71.2%
Brad.
71.2%
Brad
71.2%
Brad
71.2%
Brad
71.2%
Brad
71.2%
Brad
71.2%
Brad
71.2%
was
69.7%
was
69.7%
that
69.3%
that
69.3%
That
69.3%
way.
68.8%
can
68.3%
can
68.3%
say
68.2%
say
68.2%
say
68.2%
say
68.2%
say
68.2%
no
67.3%
it's
67.2%
for
67%
for
67%
For
67%
but
66.5%
but
66.5%
is
64.6%
my
64.5%
Yes
63.7%
one
63.7%
one
63.7%
one
63.7%
one
63.7%
one
63.7%
one
63.7%
There's
63.6%
there's
63.6%
There's
63.6%
There's
63.6%
When
63.2%
too
62.7%
too
62.7%
I've
62.6%
I've
62.6%
I've
62.6%
% Correct
I've
62.6%
I've
62.6%
thing
62%
thing
62%
thing
62%
thing
62%
thing
62%
man
61.8%
mad
61.6%
mad
61.6%
mad
61.6%
who
61.3%
that's
61.1%
that's
61.1%
That's
61.1%
that's
61.1%
that's
61.1%
that's
61.1%
other
61.1%
really
61%
girls
60.4%
know
60.3%
see
60.3%
beat
60.2%
bride
60.1%
swam
59.3%
got
59.3%
river
59.2%
then
59%
then
59%
Hey
58.6%
let's
58.5%
bouquet.
58.5%
met
57.8%
met
57.8%
we're
57.6%
deep
57.6%
something
57%
If
56.7%
am
56.7%
had
56.7%
or
56.5%
glad
56.5%
don't
56.2%
ran
56.1%
skillful
56%
left
55.8%
long
55.4%
Now
55.4%
Now
55.4%
science
55.3%
heart
54.8%
ring
54.8%
than
54.4%
road
54.3%
Here's
53.7%
his
53.7%
Dad
53.6%
began
53.4%
tell
52.7%
bad
52.4%
prove
52.3%
good
52.2%
plan
51.6%
joker
51.3%
fire
51.2%
Betty
50.3%
fan
50.1%
please
50%
mediocre
50%
engaged
49.3%
ways
49.2%
nicer
48.7%
three
48.3%
exam-it
47.8%
our's
46.8%
future
46.5%
give
46.1%
eye
44.8%
Mum
43.6%
fool
43.6%
grow
43.5%
Made
41.3%
panic
41.1%
Munroe
37.9%
Quiz Playlist
Details
Report
Send in Message
Add To Playlist
Classic:
Type in answers that appear in a list
Last Updated: Feb 14, 2023
Quiz Scoreboard
CHALLENGE
Sign Up to Join the Scoreboard
Show All
Scores
Hide
Comments
May contain spoilers
Recently Published
5x2 Blitz: Bands
by SL_Kpop136
Music
30s
Colored Red Africa Blitz
by spor1
Geography
30s
Find the 'City' Movie
by crazypaving
Movies
60s
More to Explore
Quiz From the Vault
Featured Blog Post
14 Easter Pick-up Lines to Find Eggs With
hide this ad
You Might Also Like...
Tags
Lyrics Quiz
Musical Quiz
Song Quiz
70s Movie
Figure Out the Lyrics
Rocky Horror
Science Fiction
Today's Top Quizzes in Music
Browse Music
hide this ad
Today's Top Quizzes in Lyrics
Browse Lyrics
Top Contributed Quizzes in Music
1
5X2 Blitz: Bands II
2
Taylor Swift Logic Puzzle II
3
Taylor Swift All Songs (2024)
4
5X2 Blitz: The Beatles
5
5X2 Blitz: Billboard
6
5X2 Blitz: Singers
7
5X2 Blitz: Album
8
5X2 Blitz: Rock
9
Music Artist by Three 2010s hits
10
5X2 Blitz: Billboard II
Explore More
Trending Topics
Kpop
Marvel
Harry Potter
Crossword
Disney
NBA
Anime
Puzzle
Soccer
The Office
WWE
Song
Pokémon
NFL
Country
hide this ad
More By:
Bethmora
Quiz
Plays
Rating
Category
Featured
Created
Figure out the Lyrics - Rocky Horror Picture Show
1,718
3.70
Music
Jul 30, 2016
Figure out the Lyrics (David Bowie) #1
272
3.50
Music
Oct 16, 2015
Absolute Beginners Lyrics
267
5.00
Music
Sep 18, 2015
Fill in the blank: German literature
142
5.00
Literature
Oct 19, 2016
Star Trek Filme (German)
51
3.00
Television
Sep 5, 2015
Go to Creator's Profile
Score Distribution
Quiz Creator Spotlight
Bethmora
Follow
Send a Message
Quizzes Created
-
Created Quiz Play Count
-
More By This Creator
Popular Quizzes Today
1
Find the 'City' Movie
2
Colored Red Africa Blitz
3
Find the US States - No Outlines Minefield
4
5x2 Blitz: Bands
5
The Countries of the World
6
Find the US States
7
US States
8
9x9 Crossword: Cartoon Network
More Music Quizzes
Months in Taylor Swift Songs
Quiz Lab
Trending Quizzes
Colored Red Europe Blitz I
Colored Red Africa Blitz II
Colored Red Europe Blitz II
Colored Red Europe Blitz III
Colored Red Africa Blitz III
Recently Updated
Famous TV Couples
Peacemaker
Champions League XIs: Real Madrid
pecheneg
Largest US Cities 1790-2010
pecheneg
Rides in Walt Disney World
pecheneg
Most Oscar Losses (Acting)
pecheneg
Beyoncé Albums
pecheneg
Leaping Animals
pecheneg
Reality TV Shows (A-Z)
bhenderson79
Rickey Henderson's Hall of Fame Teammates
pecheneg
Champions League XIs: Arsenal
pecheneg
Trending Topics
Harry Potter
Marvel
Crossword
NBA
Anime
Kpop
Disney
Soccer
Pokémon
The Office
NFL
Puzzle
Song
WWE
Country
Your Account Isn't Verified!
In order to create a playlist on Sporcle, you need to verify the email address you used during registration. Go to your
Sporcle Settings
to finish the process.
Report this User
Report this user for behavior that violates our
Community Guidelines
.
Details:
Send Report
Go to the Sporcle.com Mobile Site →
Comments